000 00931nas a2200313 4500
001 BR2015002153
003 BR-BrBNA
005 20231205125215.0
007 ta
008 230509b bl.|||p| |||| 00| 00por d
040 _aBR-BrBNA
_bpor
_cBiblioteca Nacional de Agricultura
041 _a(Pt)
072 _aF04
100 1 _aRossetto, C.
100 1 _aSantos, R.F.
100 1 _aSouza, S.N.M. de
100 1 _aDias, P.P.
100 1 _aKlaus, O.
245 1 _aDiferentes doses de potássio na cultura da linhaça (Linum Usitatissimum L.)
650 _aLINHAÇA
650 _aADUBAÇÃO
650 _aÓLEO
650 _aPOTÁSSIO
650 _aENERGIA
773 0 _tActa Iguazu (Brazil)
_xISSN 2316-4093
_g(2012), v. 1(3) p. 98-105
_wBR2015002153
856 4 0 _uhttp://e-revista.unioeste.br/index.php/actaiguazu/article/download/8662/6393
909 _a202311
_bLúcia
_c55
_dLúcia Elande
942 _2AGRIS
_n0
_cANA
999 _c243214
_d243214